बर्फ की रानी / (Record no. 119445)

MARC details
000 -LEADER
fixed length control field 00759nam a22002297a 4500
005 - DATE AND TIME OF LATEST TRANSACTION
control field 20170124103134.0
010 ## - LIBRARY OF CONGRESS CONTROL NUMBER
LC control number A-672008
020 ## - INTERNATIONAL STANDARD BOOK NUMBER
Terms of availability 00.00
035 ## - SYSTEM CONTROL NUMBER
System control number A-672008
037 ## - SOURCE OF ACQUISITION
Source of stock number/acquisition Cen Lib/Ret
040 ## - CATALOGING SOURCE
Original cataloging agency DPL
Language of cataloging HN
082 ## - DEWEY DECIMAL CLASSIFICATION NUMBER
Classification number
Item number एएडर
100 ## - MAIN ENTRY--PERSONAL NAME
Personal name एएडरसन एच.के.
9 (RLIN) 84934
245 ## - TITLE STATEMENT
Title बर्फ की रानी /
Statement of responsibility, etc एएडरसन एच.के.
246 ## - VARYING FORM OF TITLE
Title proper/short title Barf ki rani
Remainder of title by Aadarsan H.K.
300 ## - PHYSICAL DESCRIPTION
Extent 78पृष्ठ.
Dimensions 17सेमी(सजिल्द)
650 ## - SUBJECT ADDED ENTRY--TOPICAL TERM
Topical term or geographic name as entry element हिंदी साहित्य
9 (RLIN) 84935
650 ## - SUBJECT ADDED ENTRY--TOPICAL TERM
Topical term or geographic name as entry element हिंदी उपन्यास
9 (RLIN) 84936
650 ## - SUBJECT ADDED ENTRY--TOPICAL TERM
Topical term or geographic name as entry element Hindi literature
9 (RLIN) 84937
650 ## - SUBJECT ADDED ENTRY--TOPICAL TERM
Topical term or geographic name as entry element Hindi novel
9 (RLIN) 84938
942 ## - ADDED ENTRY ELEMENTS (KOHA)
Source of classification or shelving scheme Dewey Decimal Classification
Koha item type Hindi Books
Classification part
Call number suffix एएडर
Holdings
Withdrawn status Lost status Damaged status Not for loan Home library Current library Date acquired Source of acquisition Cost, normal purchase price Total Checkouts Full call number Barcode Date last seen Date checked out Copy number Cost, replacement price Price effective from Koha item type
        Central Library Central Library 17/09/2015 Cen Lib/Ret 0.00 2 उ एएडर A-672008 18/06/2018 04/06/2018 1 0.00 17/09/2015 Hindi Books

© Delhi Public Library
Hit Counter
free hit counter